000 00960cam a2200313 a 4500
001 3375601
003 OSt
005 20140310184356.0
008 870921s1987 nyua j 000 0 eng
010 _a 87176826
020 _a9780590451598
040 _aDLC
_cDLC
_dDLC
043 _an-us---
050 0 0 _aKF 4541.Z9
_b.L48 2006
100 1 _aLevy, Elizabeth,
_d1942-
_925571
245 1 0 _aIf you were there when they signed the Constitution /
_cElizabeth Levy
260 _aNew York :
_bScholastic,
_c2006.
300 _a79 p. :
_bill. (some col.) ;
_c19 x 23 cm.
520 _aDescribes how the Constitution was drafted and ratified.
521 _aG6
526 _c810
562 _e1
650 0 _aConstitutional history
_zUnited States
_xJuvenile literature.
_925572
700 1 _aRosenblum, Richard.
_925052
906 _a7
_bcbc
_corignew
_d3
_encip
_f19
_gy-gencatlg
942 _2lcc
_cBK-SCHOLAS
999 _c34009
_d34009